000 00940cam a2200301 a 4500
001 1045062
003 OSt
005 20110722114426.0
008 911112s1991 ug l f000 0 eng d
035 _a(OCoLC)29284052
035 _a(OCoLC)ocm29284052
035 _a(CStRLIN)NYCG91-B96036
035 _a(NNC)1045062
040 _aNNC
_cNNC
043 _af-ug----
050 4 _aKTW171
_b.A31962 1962g
082 _a342.023096761 CON
110 1 _aUganda.
_9554
240 1 0 _aConstitution (1962)
245 1 4 _aThe Constitution of Uganda 1962.
260 _aKampala :
_bUganda Constitutional Commission,
_c1991.
300 _a182 p. ;
_c21 cm.
610 1 0 _aUganda.
_tConstitution (1967)
_9601
610 2 0 _aUganda Constitutional Commission.
_9578
942 _2ddc
_cBK
999 _c204
_d204